000 00518nam a22001937a 4500
005 20260422125747.0
008 260422b |||||||| |||| 00| 0 eng d
020 _a9788195237289
_c1495.00
040 _aMAIN
041 _aEnglish
082 _a575.1
_bRAS
100 _aRastogi, Veer Bala
_913688
245 _aFundamentals of Genetics
260 _aNew Delhi
_bMedTech Science Press
_c2022
300 _a766
650 _aBiological Science (PM USHA)
_926674
700 _aRatogi, Nirvika
_926677
942 _cBK
999 _c60673
_d60673